Conversaciones atrapadas en redes de tinta (Record no. 65047)
[ view plain ]
| 000 -CABECERA | |
|---|---|
| campo de control de longitud fija | 00516nam a2200193 a 4500 |
| 005 - FECHA Y HORA DE LA ÚLTIMA TRANSACCIÓN | |
| campo de control | 20210219152952.0 |
| 008 - ELEMENTOS DE LONGITUD FIJA--INFORMACIÓN GENERAL | |
| campo de control de longitud fija | 991125n 000 0 spa u |
| 035 ## - NÚMERO DE CONTROL DEL SISTEMA | |
| Número de control de sistema | UPN01000069646 |
| 100 ## - ASIENTO PRINCIPAL--NOMBRE PERSONAL | |
| Nombre de persona | RODRIGUEZ, María Esther |
| 222 ## - TÍTULO CLAVE | |
| Título clave | LA EDUCACION EN LOS PRIMEROS AÑOS |
| 245 ## - MENCIÓN DE TÍTULO | |
| Título | Conversaciones atrapadas en redes de tinta |
| 300 ## - DESCRIPCIÓN FÍSICA | |
| Extensión | 78-91 |
| 362 ## - FECHAS DE PUBLICACIÓN Y/O DESIGNACIÓN SECUENCIAL | |
| Fecha de publicación y/o designación secuencial | 1998 Año 1, no. 1, jun. |
| 653 0# - TERMINO DE INDIZACION - NO CONTROLADO | |
| Término no controlado | ESCRITURA |
| 653 0# - TERMINO DE INDIZACION - NO CONTROLADO | |
| Término no controlado | LECTURA |
| 653 0# - TERMINO DE INDIZACION - NO CONTROLADO | |
| Término no controlado | PSICOMOTRICIDAD |
| 904 ## - ELEMENTOS DE DATOS D LOCAL, LDD (RLIN) | |
| a | AC |
| b | 007457 |
| 905 ## - TIPO DE MATERIAL | |
| Tipo de material | Articulo |
No items available.
